Дело о конфискации книги либавского учителя языков и музыки А. Любера "Grundlage und Materialen zum Gebäude der Metaphisischen Р...

Доступно только в Электронных читальных залах Найти на картеНа карте
RUSMARC
00004342nmc2a2200000 x 450
00130144945-e901-43a8-be69-60768d701dc8
00520171115112313.0
100##$a20151211l18131813k l0rusy0189 ca
1010#$arus
102##$aRU
2001#$aДело о конфискации книги либавского учителя языков и музыки А. Любера "Grundlage und Materialen zum Gebäude der Metaphisischen Рhilosophien"
$j16 октября - 3 декабря 1813 г.
251##$cДело
300##$aДело
300##$aОриг. заголовок дела: Дело по отношению управляющего Министерством полиции с разрешением, можно ли возвратить конфискованные экземпляры и материалы к учреждению метафизической философии. 16 октября 1813 г. - 3 декабря 1813 г
801#0$aRU
$bРГИА
$c20151211
$gRCR
801#1$aRU
$bГлавНИВЦ
$c20151211
$2rusmarc
801#2$aRU
$bПБ им. Б.Н. Ельцина
$c20171115
$gRCR
$2rusmarc
850##$aРГИА
852##$aРГИА
$eФедеральное казенное учреждение "Российский государственный исторический архив" (РГИА)
$j267
937##$hРГИА
$d12187325
$aASBIBLIO_SCAN
462#0$1001a72b6b5a-b506-4d67-873a-f622b4f5e56d
$12001
$aДела Департамента народного просвещения по цензурной части
$1251
$cОпись
$1852
$j118
461#0$1001a74412a3-3cc5-4d21-8f0a-dfe2fbd9e72d
$12001
$aДепартамент народного просвещения Министерства народного просвещения (1803-1917)
$1251
$cФонд
$1852
$j733
215##$a12 л.
$d36,5х26 см
371##$aДокумент не является опубликованным и широко распространяемым
105##$ay###
1222#$ad
5171#$aДело по отношению управляющего Министерством полиции с разрешением, можно ли возвратить конфискованные экземпляры и материалы к учреждению метафизической философии. 16 октября 1813 г. - 3 декабря 1813 г
035##$a30144945-e901-43a8-be69-60768d701dc8
856##$uhttp://readingroom.main.prlib.ru/item.aspx?id_node=n109051304&mode=full
Формат отображения